[Event "Quindio-ch Amateur"]
[Site "Bolivar"]
[Date "2018.01.20"]
[Round "1.5"]
[White "Velasquez, Andres Felipe"]
[Black "Ortiz, Luis Miguel"]
[Result "1-0"]
[WhiteElo "1846"]
[BlackElo "1595"]
[PlyCount "70"]
[EventDate "2018.01.20"]
[EventType "swiss"]
[EventRounds "5"]
[EventCountry "COL"]
[SourceTitle "EXT 2024"]
[Source "ChessBase"]
[SourceDate "2023.10.10"]
[SourceVersion "1"]
[SourceVersionDate "2023.10.10"]
[SourceQuality "1"]

1. d4 Nf6 2. c4 e6 3. Nf3 d5 4. e3 c5 5. Nc3 Nc6 6. Be2 b6 7. 0-0 Ba6 8. Qa4 Qc8 9. Ne5 Bb7 10. cxd5 exd5 11. Bb5 Nd7 12. Bxc6 Bxc6 13. Qxc6 Qxc6 14. Nxc6 f6 15. dxc5 bxc5 16. Nxd5 Bd6 17. e4 Kf7 18. Na5 Rhe8 19. Re1 Rab8 20. Nc4 Be5 21. Rb1 Nb6 22. Ncxb6 axb6 23. Bd2 Rb7 24. Bc3 Bb8 25. a4 Re6 26. f3 b5 27. axb5 Rxb5 28. Kf1 Bxh2 29. Ra1 Rb7 30. Ra5 Rc6 31. Rea1 Bb8 32. Ra6 Rc8 33. Rb6 Rd7 34. Ra8 Rdd8 35. Rb7+ Kg6 1-0